00481 a2200169 450000100060000002000150000604000220002110000290004324000340007224500290010630000070013536200090014265000230015194200070017495201130018199900170029457551 a8526234382 cAnchieta - Pituba aFerraz, José Antônio10aReceita para um dragãolpor10aReceita para um dragão a630 a1999 4aLiteratura juvenil cBK 00104070a91.1b91.1d2023-11-21l0oLJ 028.5 S255r SAU RECp7689/PITr2023-11-21 18:25:16w2023-11-21yBK c57551d57551